00621nam a2200181 i 450000100060000000300090000600500170001500700030003200800410003510000240007624501000010026000540020030000350025450000560028970000260034571000370037185200310040879208ES-MaACL20230906173928.0t|041020s1957 cu ||||1| spa d1 aHeredia, Nicolás.10aCrónicas de la guerra de Cuba / cNicolás Heredia ; introducción por Enrique Gay-Calbó. aLa Habana : b[s.n., c1957] (fImp. El Siglo XX) aXIX, 146 p. : bil. ; c31 cm. aPrecede al tít.: Academia de la Historia de Cuba.1 aGay Calbó, Enrique.2 aAcademia de la Historia de Cuba. aES-MaACLjC-9373 bR.44593